|
|
|
|
| LEADER |
00000cam a2200000 a 4500 |
| 001 |
vtls008317098 |
| 003 |
SK-MaSNL |
| 005 |
20260302041244.0 |
| 008 |
251124s1973 xo a 00 0 slo |
| 015 |
|
|
|a SNBA1973/09-02126
|
| 035 |
|
|
|a SK01SNK19730009315
|
| 035 |
|
|
|a SKM000011778
|
| 040 |
|
|
|a SNK
|b slo
|c SNK
|e AACR2
|
| 041 |
1 |
|
|a slo
|
| 044 |
|
|
|a xo
|c SK
|
| 080 |
|
|
|a 677(437.6)"1945/1970"
|2 1981
|
| 100 |
1 |
|
|a Pažítka, Václav
|4 aut
|9 426406
|
| 245 |
1 |
0 |
|a Štvrťstoročná cesta
|b 1945-1970 : dokumenty o živote a práci textilných pracovníkov Bavlnárskych závodov V.I. Lenina v Ružomberku
|c podľa dokumentov v podnikovom archíve BZVIL v Ružomberku nap. Václav Pažítka ; spoluprac. Artúr Mydlo, [ktorý nap. aj úvod] a Jozef Gulička ; fot. Ladislav Frolo
|
| 260 |
|
|
|a Ružomberok
|b Bavlnárske závody V.I. Lenina
|c [1973]
|e Ružomberok
|f Tlačiarne SNP
|
| 300 |
|
|
|a 214, [1] s., [2] obr. príl.
|c 4°
|
| 500 |
|
|
|a Ilustr. Faks. rkp. Zozn. Men. a vec. reg.
|
| 563 |
|
|
|a 10000 výtl. Účelová publikácia pre vlastnú potrebu
|
| 610 |
2 |
7 |
|a Bavlnárske závody V.I. Lenina (Ružomberok, Slovensko)
|2 SNK
|9 219276
|
| 655 |
|
7 |
|a jubilejné publikácie
|2 SNKPH
|9 70339
|
| 700 |
1 |
|
|a Mydlo, Artúr
|4 aut
|4 aui
|9 422926
|
| 700 |
1 |
|
|a Gulička, Jozef
|4 aut
|9 692565
|
| 700 |
1 |
|
|a Frolo, Ladislav
|4 pht
|9 692566
|
| 958 |
|
|
|a OND
|
| 958 |
|
|
|a TL
|
| 958 |
|
|
|a RK
|
| 999 |
|
|
|c 1078080
|d 1080010
|
| 952 |
|
|
|a SNK
|b SNK
|y PREZ
|7 0
|p 17A0899293
|o snkSB 19897
|i snkKSP 6666/73
|0 0
|1 0
|4 0
|d 2012-07-24
|l 0
|r 2025-03-25 00:00:00
|w 2026-02-24
|
| 952 |
|
|
|t P60, <04>, [BOOK], {604}
|a SNK
|b SNK
|y VYP
|7 0
|p 17A0436900
|o snkSB 19897 D1
|i snkKSP 6667/73
|0 0
|1 0
|4 0
|d 2004-07-23
|l 0
|r 2005-01-02 00:00:00
|w 2026-02-24
|